[Event "TCh-TUR 2nd League 2011"]
[Site "Konya TUR"]
[Date "2011.07.09"]
[Round "8"]
[White "Kelpetin, Umut Can"]
[Black "Savran, Suleyman"]
[Result "0-1"]
[WhiteElo "1767"]
[BlackElo "1874"]
[WhiteTeam "Dobruca Istanbul"]
[BlackTeam "Erbakir Denizli"]
[WhiteFideId "6342140"]
[BlackFideId "6313132"]
[EventDate "2011.07.04"]

1. e4 c6 2. d4 d5 3. exd5 cxd5 4. c4 Nf6 5. Nc3 e6 6. c5 Nc6 7. Nf3 a6 8. Be2
Bd7 9. Rb1 Qc7 10. O-O b6 11. b4 bxc5 12. bxc5 Be7 13. g3 O-O 14. Rb6 e5 15.
dxe5 Nxe5 16. Nxd5 Nxd5 17. Qxd5 Bf6 18. Bf4 Bc6 19. Bxe5 Qxb6 20. Qd6 Qb7 21.
Nd4 Bxe5 22. Qxc6 Qb2 23. Nf3 Qxe2 24. Re1 Qxa2 25. Nxe5 h6 26. Nd7 Rac8 27. Qb7
Rfe8 28. Rb1 Rc7 29. Qxc7 Qxb1+ 30. Kg2 Qe4+ 31. Kg1 Qd5 0-1

[Event "TCh-TUR 2nd League 2011"]
[Site "Konya TUR"]
[Date "2011.07.09"]
[Round "8"]
[White "Cemhan, Kardelen"]
[Black "Gundogan, Ecem"]
[Result "1-0"]
[WhiteElo "1815"]
[BlackElo "1514"]
[WhiteTeam "Erbakir Denizli"]
[BlackTeam "Dobruca Istanbul"]
[WhiteFideId "6325670"]
[BlackFideId "6327079"]
[EventDate "2011.07.04"]

1. e4 e5 2. Nf3 Nc6 3. Bc4 Bc5 4. c3 Nf6 5. d3 d6 6. O-O O-O 7. Nbd2 Bb6 8. Bb3
Ne7 9. Re1 Ng6 10. Nf1 Nh5 11. d4 exd4 12. cxd4 Nhf4 13. Ne3 c6 14. Bc2 h5 15.
Nf5 d5 16. e5 f6 17. Ng3 fxe5 18. Nxe5 Nxe5 19. Rxe5 h4 20. Bxf4 Rxf4 21. Qh5
Rf6 22. Re8+ 1-0

[Event "TCh-TUR 2nd League 2011"]
[Site "Konya TUR"]
[Date "2011.07.09"]
[Round "8"]
[White "Volokitin, Andrei"]
[Black "Ipek, Ali"]
[Result "1-0"]
[WhiteTitle "GM"]
[BlackTitle "FM"]
[WhiteElo "2683"]
[BlackElo "2169"]
[WhiteTeam "Beyaz Kale Hatay"]
[BlackTeam "Kocaeli Buyuksehir Kagit"]
[WhiteFideId "14107090"]
[BlackFideId "6300111"]
[EventDate "2011.07.04"]

1. e4 c5 2. Nf3 e6 3. d4 cxd4 4. Nxd4 a6 5. Nc3 Qc7 6. Bd3 Nc6 7. Nxc6 dxc6 8.
O-O e5 9. f4 Bc5+ 10. Kh1 Nf6 11. Qf3 b5 12. a4 b4 13. Nd1 Bg4 14. Qg3 h5 15.
fxe5 h4 16. Qf4 Nh5 17. Qxg4 Ng3+ 18. hxg3 hxg3+ 19. Qh3 Rxh3+ 20. gxh3 Qxe5 21.
Bf4 Qe6 22. Kg2 b3 23. Ne3 Bxe3 24. Bxe3 bxc2 25. Bxc2 Qe5 26. Rab1 Rb8 27. Rf5
Qe6 28. b3 Rb4 29. Re1 f6 30. e5 Rxb3 31. Bxb3 Qxf5 32. exf6 Qe4+ 33. Kg1 Kd7
34. fxg7 Qb4 35. Rd1+ 1-0

[Event "TCh-TUR 2nd League 2011"]
[Site "Konya TUR"]
[Date "2011.07.09"]
[Round "8"]
[White "Tuncer, Ufuk"]
[Black "Orak, Ersin"]
[Result "1/2-1/2"]
[WhiteTitle "FM"]
[WhiteElo "2303"]
[BlackElo "1962"]
[WhiteTeam "Beyaz Kale Hatay"]
[BlackTeam "Kocaeli Buyuksehir Kagit"]
[WhiteFideId "6300847"]
[BlackFideId "6304060"]
[EventDate "2011.07.04"]

1. d4 e6 2. Nf3 f5 3. g3 Nf6 4. Bg2 Be7 5. O-O O-O 6. c4 d6 7. Nc3 Ne4 8. Qc2
Nxc3 9. Qxc3 a5 10. b3 Nc6 11. Bb2 Bf6 12. Rad1 Qe8 13. Rfe1 Qg6 14. c5 e5 15.
cxd6 cxd6 16. Qc4+ Kh8 17. dxe5 dxe5 18. Ba3 Re8 19. Nh4 Bxh4 20. Qxh4 Nd4 21.
Bc5 Ne6 22. Qc4 e4 23. Rd6 Qh5 24. Bb6 Ng5 25. Qb5 Be6 26. h4 Nf7 27. Rd2 Qg6
28. e3 a4 29. bxa4 Nh6 30. a5 Qf7 31. a3 Bc4 32. Qd7 Re7 33. Qd4 Ng4 34. Bc5
Ree8 35. Qd7 Ne5 36. Qxf7 Bxf7 37. Bb4 Bc4 38. Bc3 Nd3 39. Rb1 Re7 40. Bh3 Be6
41. Bf1 Bc4 42. Bh3 Be6 43. Bf1 Bc4 44. Bh3 1/2-1/2

[Event "TCh-TUR 2nd League 2011"]
[Site "Konya TUR"]
[Date "2011.07.09"]
[Round "8"]
[White "Baylav, Bartu"]
[Black "Kayabolen, Alisan"]
[Result "1-0"]
[WhiteElo "1743"]
[BlackElo "1920"]
[WhiteTeam "Kocaeli Buyuksehir Kagit"]
[BlackTeam "Beyaz Kale Hatay"]
[WhiteFideId "6312608"]
[BlackFideId "6315216"]
[EventDate "2011.07.04"]

1. d4 d5 2. c4 e6 3. Nf3 Nf6 4. Nc3 Be7 5. cxd5 exd5 6. e3 O-O 7. Qc2 Nbd7 8.
Bd3 h6 9. O-O c6 10. a3 a5 11. b3 Bd6 12. Bb2 Re8 13. Rfc1 Nf8 14. e4 dxe4 15.
Nxe4 Nxe4 16. Bxe4 Be6 17. Rd1 Bxb3 18. Qxb3 Rxe4 19. Qxb7 Re2 20. Bc3 Re7 21.
Qb3 Qc7 22. Rac1 a4 23. Qa2 Rb8 24. Rb1 Ree8 25. Bb4 Ne6 26. Qc4 Bxb4 27. Rxb4
Rxb4 28. Qxb4 Qa7 29. h3 Rb8 30. Qc4 c5 31. d5 Rd8 32. Qh4 Qa8 33. Qc4 Qa7 34.
Rd2 Nc7 35. Ne5 Rd6 36. Nc6 Qb6 37. Ne7+ Kf8 38. Qe4 Qb7 39. Qe5 Rd7 40. d6 Ne6
41. Qf5 Rxe7 42. dxe7+ Kxe7 43. Qe5 Qc6 44. Rb2 Qd7 45. Qe2 Qc6 46. Rb8 Qc7 47.
Qb2 Qd6 48. Rb7+ Nc7 49. Qe2+ Kd7 50. Qf3 Ke7 51. Qe4+ Kd7 52. Qxa4+ Qc6 53.
Qd1+ Qd6 54. Qg4+ Kc6 55. Rb1 Qg6 56. Qf3+ Kd7 57. Rd1+ Kc8 58. Qc3 Qg5 59. Qc4
Qf5 60. a4 Qh5 61. Rc1 Qd5 62. Qg4+ Ne6 63. Rd1 Qc6 64. Qc4 Kc7 65. a5 Kb8 66.
Rb1+ Kc7 67. a6 Qa8 68. Rb7+ Qxb7 69. axb7 Kxb7 70. f4 Kb6 71. f5 Nd8 72. Qd5
Nc6 73. Qxf7 Kb5 74. Qxg7 c4 75. f6 Ne5 76. f7 Nxf7 77. Qxf7 Kb4 78. Qf4 Kc5 1-0

[Event "TCh-TUR 2nd League 2011"]
[Site "Konya TUR"]
[Date "2011.07.09"]
[Round "8"]
[White "Buyukasik, Diyap"]
[Black "Gor, Onur"]
[Result "1/2-1/2"]
[WhiteElo "1994"]
[BlackElo "1926"]
[WhiteTeam "Beyaz Kale Hatay"]
[BlackTeam "Kocaeli Buyuksehir Kagit"]
[WhiteFideId "6319602"]
[BlackFideId "6312829"]
[EventDate "2011.07.04"]

1. Nf3 Nf6 2. c4 e6 3. g3 b6 4. Bg2 Bb7 5. O-O Be7 6. d4 d5 7. Ne5 O-O 8. Nc3 c6
9. b3 Nbd7 10. Nxd7 Qxd7 11. Bb2 Rfd8 12. e4 dxe4 13. Nxe4 Nxe4 14. Bxe4 c5 15.
Bxb7 Qxb7 16. Qg4 Bf6 17. Rad1 Rd7 18. Ba1 Rad8 19. dxc5 Bxa1 20. Rxa1 bxc5 1/2-1/2

[Event "TCh-TUR 2nd League 2011"]
[Site "Konya TUR"]
[Date "2011.07.09"]
[Round "8"]
[White "Zherebukh, Yaroslav"]
[Black "Annaberdiev, Meilis"]
[Result "1-0"]
[WhiteTitle "GM"]
[BlackTitle "IM"]
[WhiteElo "2590"]
[BlackElo "2459"]
[WhiteTeam "Tasduvar Ankara"]
[BlackTeam "Akdeniz Belediyesi Mersin"]
[WhiteFideId "14116804"]
[BlackFideId "14000563"]
[EventDate "2011.07.04"]

1. e4 c5 2. Nf3 Nc6 3. d4 cxd4 4. Nxd4 g6 5. Nc3 Bg7 6. Be3 Nf6 7. Bc4 O-O 8.
Bb3 d6 9. f3 Bd7 10. Qd2 Na5 11. g4 Rb8 12. h4 b5 13. Bh6 Nxb3 14. Nxb3 Bxh6 15.
Qxh6 b4 16. Nd5 Nxd5 17. exd5 e5 18. dxe6 Bxe6 19. Nd4 Qc7 20. h5 Rfe8 21. O-O-O
b3 22. axb3 Bxb3 23. Rh2 Be6 24. hxg6 fxg6 25. Rdh1 Rb7 26. Qxg6+ hxg6 27. Rh8+
Kf7 28. R1h7+ Kf6 29. Rxc7 Rxc7 30. Rxe8 Bd5 31. Kd2 a5 32. Rb8 Rc4 33. c3 Rc7
34. Ke3 Re7+ 35. Kf4 a4 36. Rd8 g5+ 37. Kg3 Ke5 38. Rf8 Rf7 39. Nc6+ Kf6 40.
Rxf7+ Kxf7 41. Nd4 Kf6 42. f4 Bg8 43. Nf5 gxf4+ 44. Kxf4 Ke6 45. Ke4 Bh7 46. Kd4
Bg6 47. c4 Bh7 48. Ne3 Bg8 49. Nd5 Bh7 50. Nb6 Bc2 51. g5 Bb3 52. g6 Kf6 53. Kd5
Kxg6 54. Kxd6 Kf5 55. c5 Bd1 56. c6 Ke4 57. c7 1-0

[Event "TCh-TUR 2nd League 2011"]
[Site "Konya TUR"]
[Date "2011.07.09"]
[Round "8"]
[White "Dogan, Nazmi Can"]
[Black "Ozyilmaz, Arif"]
[Result "1-0"]
[WhiteElo "2093"]
[BlackElo "2155"]
[WhiteTeam "Akdeniz Belediyesi Mersin"]
[BlackTeam "Tasduvar Ankara"]
[WhiteFideId "6309658"]
[BlackFideId "6300596"]
[EventDate "2011.07.04"]

1. Nf3 d5 2. d4 c6 3. c4 Nf6 4. e3 g6 5. Nc3 Bg7 6. Be2 O-O 7. O-O dxc4 8. Bxc4
Bg4 9. h3 Bxf3 10. Qxf3 Nbd7 11. Rd1 e6 12. e4 h6 13. Be3 Qe7 14. Bb3 Rfd8 15.
Rd2 a5 16. d5 exd5 17. exd5 Ne5 18. Qd1 cxd5 19. Nxd5 Nxd5 20. Bxd5 Nc6 21. a3
Kh7 22. Rc1 Qf6 23. Rc4 Ne5 24. Rc7 Rac8 25. Rxb7 Qf5 26. Bb6 Nc4 27. Bxd8 Nxd2
28. Qxd2 Rxd8 29. Rb5 Bxb2 30. Qxa5 Bf6 31. Qd2 Bg5 32. Qd4 Bf6 33. Qe4 Qd7 34.
Bc6 Qd1+ 35. Kh2 Qd6+ 36. g3 Qxa3 37. Rb7 Rf8 38. Bd5 Kg7 39. Qe6 Qc3 40. Rxf7+ 1-0

[Event "TCh-TUR 2nd League 2011"]
[Site "Konya TUR"]
[Date "2011.07.09"]
[Round "8"]
[White "Unver, Cumali"]
[Black "Kilic, Ihsan"]
[Result "1/2-1/2"]
[WhiteElo "2016"]
[BlackElo "2058"]
[WhiteTeam "Tasduvar Ankara"]
[BlackTeam "Akdeniz Belediyesi Mersin"]
[WhiteFideId "6304940"]
[BlackFideId "6305334"]
[EventDate "2011.07.04"]

1. d4 d5 2. c4 c6 3. Nf3 dxc4 4. e3 Bf5 5. Bxc4 e6 6. Nc3 Nf6 7. O-O Bb4 8. Qb3
Qe7 9. Ne5 O-O 10. f3 Nbd7 11. e4 Bg6 12. Nxg6 hxg6 13. a3 Ba5 14. Qxb7 Bb6 15.
Qxc6 Bxd4+ 16. Kh1 Rfc8 17. Qa6 Nc5 18. Qa5 Ncxe4 19. Nxe4 Nxe4 20. fxe4 Rxc4
21. Bg5 f6 22. Rac1 Rac8 23. Rxc4 Rxc4 24. Rc1 Bb6 25. Qe1 Rd4 26. Bd2 Qb7 27.
e5 Rg4 28. Qe2 f5 29. Rc4 Qa6 30. Re4 Qxe2 31. Rxe2 Rc4 32. Bc3 g5 33. g3 Kf7
34. h3 f4 35. Kg2 Kg6 36. Kf3 fxg3 37. Kxg3 Kf5 38. Re1 Bd4 39. Bxd4 Rxd4 40.
Re2 a5 41. Re3 a4 42. b3 axb3 43. Rxb3 Kxe5 44. Rb5+ Kf6 45. Rb3 e5 46. Rf3+ Ke6
47. Rb3 Kf5 48. Rf3+ Ke6 49. Rb3 Ra4 50. Rf3 e4 51. Rb3 Ra5 52. Kg4 Ke5 53. Kxg5
g6 54. Kxg6 Kf4 55. h4 e3 56. h5 Rg5+ 57. Kh6 Re5 58. Rb4+ Kf5 59. Rb1 e2 60.
Re1 Kf6 61. a4 Re8 62. Kh7 Kg5 63. h6 Re7+ 64. Kg8 Kxh6 65. a5 Kg5 66. a6 Kf4
67. a7 Ke4 1/2-1/2

[Event "TCh-TUR 2nd League 2011"]
[Site "Konya TUR"]
[Date "2011.07.09"]
[Round "8"]
[White "Kaya, Emel"]
[Black "Karagollu, Ahmet"]
[Result "0-1"]
[WhiteTitle "WCM"]
[WhiteElo "2024"]
[BlackElo "1980"]
[WhiteTeam "Akdeniz Belediyesi Mersin"]
[BlackTeam "Tasduvar Ankara"]
[WhiteFideId "6306411"]
[BlackFideId "6307825"]
[EventDate "2011.07.04"]

1. e4 e5 2. Nf3 Nc6 3. Bb5 a6 4. Ba4 Nf6 5. O-O Be7 6. Re1 b5 7. Bb3 O-O 8. c3
d5 9. exd5 Nxd5 10. Nxe5 Nxe5 11. Rxe5 Nf6 12. h3 Bd6 13. Re1 Ng4 14. Qf3 Qh4
15. d4 Nxf2 16. Qxf2 Bh2+ 17. Kf1 Bg3 18. Bxf7+ Kh8 19. Qf3 Bxe1 20. Bg5 Qxg5
21. Qxa8 Rxf7+ 22. Kxe1 Qe3+ 23. Kd1 Qd3+ 0-1

[Event "TCh-TUR 2nd League 2011"]
[Site "Konya TUR"]
[Date "2011.07.09"]
[Round "8"]
[White "Akinci, Muzaffer Ege"]
[Black "Okay, Ilkin Ege"]
[Result "0-1"]
[WhiteElo "1886"]
[BlackElo "1977"]
[WhiteTeam "Tasduvar Ankara"]
[BlackTeam "Akdeniz Belediyesi Mersin"]
[WhiteFideId "6308961"]
[BlackFideId "6310117"]
[EventDate "2011.07.04"]

1. d4 Nf6 2. Nf3 g6 3. c4 Bg7 4. g3 O-O 5. Bg2 d6 6. Nc3 Nc6 7. O-O a6 8. Qd3
Nd7 9. Be3 e5 10. Qd2 Rb8 11. Rac1 Ne7 12. Bh6 c6 13. Rfd1 Qc7 14. c5 dxc5 15.
dxe5 Nxe5 16. Nxe5 Bxh6 17. Qxh6 Qxe5 18. Ne4 b6 19. Rd6 Nf5 20. Nf6+ Qxf6 21.
Qxf8+ Kxf8 22. Rxf6 Ke7 23. Rxc6 Nd4 24. Rc7+ Kd6 25. Rxc8 Rxc8 26. Rd1 Kc7 27.
Kf1 Re8 28. e3 Nf5 29. Rc1 Nd6 30. a4 Re5 31. Ke2 c4 32. f4 Rc5 33. e4 b5 34. b4
Rh5 35. h4 Rh6 36. axb5 axb5 37. Ra1 g5 38. hxg5 Re6 39. Rh1 Nxe4 40. Bxe4 Rxe4+
41. Kd2 Rd4+ 42. Kc2 Rd3 43. Rxh7 Rxg3 44. Rxf7+ Kd6 45. Rf6+ Kd5 46. Rb6 Rg2+
47. Kc3 Rg3+ 48. Kc2 Rg2+ 49. Kd1 c3 50. Rxb5+ Kc4 51. Rc5+ Kb3 52. Ke1 c2 53.
Rxc2 Kxc2 54. Kf1 Rg4 55. Kf2 Rxf4+ 56. Kg3 Rxb4 0-1

[Event "TCh-TUR 2nd League 2011"]
[Site "Konya TUR"]
[Date "2011.07.10"]
[Round "9"]
[White "Safarli, Eltaj"]
[Black "Kovchan, Alexander"]
[Result "1-0"]
[WhiteTitle "GM"]
[BlackTitle "GM"]
[WhiteElo "2622"]
[BlackElo "2554"]
[WhiteTeam "Antalya Calli Antalya"]
[BlackTeam "Moda Istanbul"]
[WhiteFideId "13402129"]
[BlackFideId "14103052"]
[EventDate "2011.07.04"]

1. e4 c6 2. d4 d5 3. Nc3 dxe4 4. Nxe4 Bf5 5. Ng3 Bg6 6. h4 h6 7. Nf3 Nd7 8. h5
Bh7 9. Bd3 Bxd3 10. Qxd3 e6 11. Bd2 Ngf6 12. O-O-O Be7 13. Ne4 Nxe4 14. Qxe4 Nf6
15. Qd3 c5 16. Be3 Qa5 17. Kb1 O-O 18. g4 cxd4 19. Bxd4 Nxg4 20. Rhg1 f5 21.
Bxg7 Kxg7 22. Rxg4+ fxg4 23. Qg6+ Kh8 24. Qxh6+ Kg8 25. Qxe6+ Rf7 26. Ne5 Rf8
27. h6 Qa6 28. h7+ Kxh7 29. Rh1+ Bh4 30. Rxh4+ Kg7 31. Rxg4+ Kh7 32. Qxa6 bxa6
33. Nxf7 Rxf7 34. f4 Kh6 35. b3 Kh5 36. Rg5+ Kh4 37. Rg6 1-0

[Event "TCh-TUR 2nd League 2011"]
[Site "Konya TUR"]
[Date "2011.07.10"]
[Round "9"]
[White "Arman, Deniz"]
[Black "Rasulov, Vugar Ural oglu"]
[Result "0-1"]
[WhiteTitle "FM"]
[BlackTitle "GM"]
[WhiteElo "2310"]
[BlackElo "2522"]
[WhiteTeam "Moda Istanbul"]
[BlackTeam "Antalya Calli Antalya"]
[WhiteFideId "6302106"]
[BlackFideId "13402390"]
[EventDate "2011.07.04"]

1. e4 c5 2. Nf3 d6 3. d4 cxd4 4. Nxd4 Nf6 5. Nc3 a6 6. h3 e6 7. g4 Nc6 8. Bg2
Qc7 9. O-O Be7 10. Nde2 b5 11. a3 Bb7 12. f4 Rd8 13. Ng3 d5 14. e5 Nd7 15. Nh5
g6 16. Ng7+ Kf8 17. f5 Bc5+ 18. Kh1 Kxg7 19. fxe6 fxe6 20. Bh6+ Kxh6 21. Rf7
Qxe5 22. h4 g5 23. Qd3 Bd6 24. hxg5+ Kxg5 25. Qh3 Qh2+ 26. Qxh2 Bxh2 27. Kxh2
Nce5 0-1

[Event "TCh-TUR 2nd League 2011"]
[Site "Konya TUR"]
[Date "2011.07.10"]
[Round "9"]
[White "Firat, Burak"]
[Black "Erden, Kadir"]
[Result "1-0"]
[WhiteTitle "IM"]
[WhiteElo "2373"]
[BlackElo "2240"]
[WhiteTeam "Antalya Calli Antalya"]
[BlackTeam "Moda Istanbul"]
[WhiteFideId "6305881"]
[BlackFideId "6305776"]
[EventDate "2011.07.04"]

1. e4 c5 2. Nf3 d6 3. d4 cxd4 4. Nxd4 Nf6 5. Nc3 Nc6 6. Bg5 e6 7. Qd2 Be7 8.
O-O-O a6 9. f3 O-O 10. Kb1 Nxd4 11. Qxd4 Qc7 12. h4 b5 13. Qd2 Bb7 14. Ne2 Rfd8
15. Nd4 e5 16. Nf5 d5 17. Nxe7+ Qxe7 18. exd5 Rxd5 19. Bd3 Qd6 20. Qe2 Re8 21.
Rde1 Rc5 22. Qf2 Rc7 23. Rd1 Qe6 24. Rhe1 h6 25. Bf4 Nd7 26. g4 Qf6 27. Bf5 Nf8
28. Bd2 Ng6 29. f4 Nxh4 30. fxe5 Qe7 31. Ba5 Nxf5 32. Bxc7 Nh4 33. Qb6 Bf3 34.
Bd8 Qb4 35. a3 Qxg4 36. Rd4 Qg6 37. Rxh4 Re6 38. Qe3 Bd5 1-0

[Event "TCh-TUR 2nd League 2011"]
[Site "Konya TUR"]
[Date "2011.07.10"]
[Round "9"]
[White "Kumkumoglu, Mehmet Baris"]
[Black "Ari, Zeki"]
[Result "1/2-1/2"]
[BlackTitle "FM"]
[WhiteElo "2110"]
[BlackElo "2196"]
[WhiteTeam "Moda Istanbul"]
[BlackTeam "Antalya Calli Antalya"]
[WhiteFideId "6350852"]
[BlackFideId "6300421"]
[EventDate "2011.07.04"]

1. e4 e6 2. d4 d5 3. Nd2 dxe4 4. Nxe4 Nd7 5. Nf3 Ngf6 6. Nxf6+ Nxf6 7. Bd3 c5 8.
dxc5 Bxc5 9. O-O h6 10. Bf4 b6 11. Ne5 Bb7 12. Bb5+ Kf8 13. Qxd8+ Rxd8 14. Rfd1
Rxd1+ 15. Rxd1 g5 16. Nd7+ Nxd7 17. Rxd7 gxf4 18. Rxb7 a5 19. Be2 h5 20. Rb8+
Kg7 21. Rxh8 Kxh8 22. Bxh5 Kg7 23. Kf1 f5 24. Ke2 e5 25. Be8 e4 26. c3 Kf6 27.
a3 Bd6 28. h4 Bf8 29. b4 Ke7 30. Bg6 Kf6 31. Be8 Ke7 32. Bb5 Bg7 33. Kd2 Kd6 34.
Be8 e3+ 35. fxe3 fxe3+ 36. Kxe3 Bxc3 37. bxa5 bxa5 38. Kf4 Ke6 39. Kg5 Bf6+ 1/2-1/2

[Event "TCh-TUR 2nd League 2011"]
[Site "Konya TUR"]
[Date "2011.07.10"]
[Round "9"]
[White "Yildiz, Betul Cemre"]
[Black "Socko, Monika"]
[Result "0-1"]
[WhiteTitle "WIM"]
[BlackTitle "GM"]
[WhiteElo "2282"]
[BlackElo "2490"]
[WhiteTeam "Antalya Calli Antalya"]
[BlackTeam "Moda Istanbul"]
[WhiteFideId "6302920"]
[BlackFideId "1106619"]
[EventDate "2011.07.04"]

1. e4 e6 2. d4 d5 3. Nc3 Bb4 4. e5 Ne7 5. Bd2 b6 6. a3 Bxc3 7. Bxc3 Ba6 8. Bxa6
Nxa6 9. Qd3 Qc8 10. Bd2 c5 11. c3 cxd4 12. cxd4 Qc4 13. Ke2 Qxd3+ 14. Kxd3 Kd7
15. Nf3 f6 16. h4 Nc6 17. Rhe1 Rhf8 18. Bf4 Rac8 19. Rac1 Na5 20. Rxc8 Rxc8 21.
h5 Nc4 22. Rb1 b5 23. g4 Rf8 24. Ke2 f5 25. Rg1 Nxb2 26. gxf5 Rxf5 27. Rxg7+ Kc6
28. Bc1 Nd3 29. Bd2 b4 30. axb4 Naxb4 31. Rxh7 a5 32. h6 Rh5 33. Rh8 a4 34. h7
Kb7 35. Ng5 a3 36. Rg8 Nf4+ 37. Kf3 a2 38. Bc3 Nh3 39. Nxh3 Rxh3+ 40. Ke2 Rxh7
41. Rg1 Nc2 42. Rc1 Na3 43. Ra1 Rc7 44. Kd3 Rf7 45. Rxa2 Rf3+ 46. Ke2 Rxc3 0-1

[Event "TCh-TUR 2nd League 2011"]
[Site "Konya TUR"]
[Date "2011.07.10"]
[Round "9"]
[White "Polatel, Levent"]
[Black "Sipahioglu, Irmak"]
[Result "0-1"]
[WhiteElo "2068"]
[BlackElo "2092"]
[WhiteTeam "Moda Istanbul"]
[BlackTeam "Antalya Calli Antalya"]
[WhiteFideId "6303749"]
[BlackFideId "6307205"]
[EventDate "2011.07.04"]

1. Nf3 d5 2. d4 Nf6 3. c4 c6 4. Nc3 dxc4 5. a4 Bf5 6. e3 e6 7. Bxc4 Bb4 8. O-O
O-O 9. Qe2 Nbd7 10. Rd1 Qe7 11. e4 Bg6 12. e5 Nd5 13. Bg5 f6 14. exf6 gxf6 15.
Bh6 Rfe8 16. Rac1 Rad8 17. Nh4 Qf7 18. Nxg6 hxg6 19. Bd2 N7b6 20. Bb3 Nc8 21.
Qf3 Be7 22. a5 a6 23. Ne4 Nd6 24. Nc5 Bf8 25. g4 Nb5 26. Be3 Bxc5 27. Rxc5 g5
28. Rc2 Kg7 29. Rcd2 Nd6 30. Kg2 Rh8 31. Qe2 Qc7 32. Rh1 Qxa5 33. f3 Qb5 34. Rd3
Nc4 35. Bxc4 Qxc4 36. Kg3 Kf7 37. Rc1 Qb4 38. Kg2 Qd6 39. Rh1 Ne7 40. Rb3 Rd7
41. Qf2 Ng6 42. h3 Qd5 43. Rd3 Nh4+ 44. Kg3 Ng6 45. Kg2 c5 46. b3 e5 47. Rhd1
exd4 48. Kf1 Ne5 0-1

[Event "TCh-TUR 2nd League 2011"]
[Site "Konya TUR"]
[Date "2011.07.10"]
[Round "9"]
[White "Tekeli, Taylan Can"]
[Black "Yaran, Siar"]
[Result "1-0"]
[WhiteElo "1901"]
[BlackElo "1746"]
[WhiteTeam "Antalya Calli Antalya"]
[BlackTeam "Moda Istanbul"]
[WhiteFideId "6313191"]
[BlackFideId "6323006"]
[EventDate "2011.07.04"]

1. d4 Nf6 2. c4 e6 3. Nf3 c5 4. Nc3 cxd4 5. Nxd4 Nc6 6. e3 Bb4 7. Be2 d5 8. O-O
h5 9. Nxc6 bxc6 10. Qa4 Rb8 11. cxd5 exd5 12. Qxc6+ Bd7 13. Qa6 Rb6 14. Qd3 Be6
15. Nb5 Bd7 16. Nd4 Ng4 17. f4 Qf6 18. Nf3 Rd6 19. Qd4 Qxd4 20. exd4 Re6 21. Ne5
Nxe5 22. dxe5 f6 23. Bf3 fxe5 24. Bxd5 Rf6 25. Be3 exf4 26. Rxf4 Rxf4 27. Bxf4
Bc5+ 28. Kh1 Rf8 29. Re1+ Kd8 30. g3 Bh3 31. Rc1 Bb6 32. b4 Kd7 33. Rd1 Kc8 34.
a4 g5 35. Rc1+ Kd7 36. Bc6+ Ke6 37. Re1+ Kf6 38. Be5+ Kg6 39. Be4+ Kf7 40. Bd5+
Kg6 41. Be4+ Bf5 42. Bxf5+ Rxf5 43. a5 Bd8 44. Bd4 Rb5 45. Re8 Bc7 46. Bxa7 Rxb4
47. a6 Ra4 48. Re6+ Kf5 49. Rc6 Bd8 50. Bf2 h4 51. gxh4 gxh4 52. h3 Ra2 53. a7
Ra1+ 54. Kg2 Ra2 55. Rc2 1-0

[Event "TCh-TUR 2nd League 2011"]
[Site "Konya TUR"]
[Date "2011.07.10"]
[Round "9"]
[White "Dogan, Sevval"]
[Black "Durmaz, Ayca Fatma"]
[Result "0-1"]
[WhiteElo "1667"]
[BlackElo "1825"]
[WhiteTeam "Moda Istanbul"]
[BlackTeam "Antalya Calli Antalya"]
[WhiteFideId "6322565"]
[BlackFideId "6317855"]
[EventDate "2011.07.04"]

1. f4 c5 2. e3 Nf6 3. b3 g6 4. Bb2 Bg7 5. Nf3 O-O 6. Be2 Nc6 7. O-O d5 8. Bb5
Qc7 9. Bxc6 bxc6 10. Ne5 Nd7 11. d4 Nxe5 12. fxe5 Ba6 13. Rf3 cxd4 14. exd4 c5
15. c3 Rac8 16. Na3 Qb6 17. Kh1 Rc7 18. Qd2 Rfc8 19. Qf4 f6 20. exf6 exf6 21.
Nc2 Re8 22. Re3 Rce7 23. Rae1 Bf8 24. dxc5 Qc6 25. Nb4 Qb5 26. Nxd5 Rxe3 27.
Nxf6+ Kh8 28. Rxe3 Rxe3 29. Qxe3 Qf1+ 30. Qg1 Qxf6 31. Qd4 Bg7 32. Qxf6 Bxf6 33.
a4 Kg8 34. Kg1 Kf7 35. Kf2 Ke6 36. b4 Bc4 37. b5 Kd7 38. Ke3 a6 39. Ke4 axb5 40.
axb5 Bxb5 41. Kd5 Bc6+ 42. Kc4 Bxg2 43. Bc1 Be5 44. h4 Kc6 45. Be3 Bg3 46. Bg5
Bf1+ 47. Kb4 Bf2 48. Be7 Be2 49. c4 Bf1 50. Kb3 Bxc5 51. Bxc5 Kxc5 52. Kc3 Bxc4
53. Kc2 Kd4 54. Kd2 Ke4 55. Kc3 Kf4 56. Kxc4 Kg4 57. Kd4 Kxh4 58. Ke4 Kg4 59.
Ke3 Kg3 60. Ke2 g5 61. Ke3 g4 62. Ke4 Kf2 63. Kf4 g3 64. Ke4 g2 65. Kf4 g1=Q 0-1

[Event "TCh-TUR 2nd League 2011"]
[Site "Konya TUR"]
[Date "2011.07.10"]
[Round "9"]
[White "Kobalia, Mikhail"]
[Black "Volokitin, Andrei"]
[Result "1/2-1/2"]
[WhiteTitle "GM"]
[BlackTitle "GM"]
[WhiteElo "2679"]
[BlackElo "2683"]
[WhiteTeam "Ceyhan Belediye Adana"]
[BlackTeam "Beyaz Kale Hatay"]
[WhiteFideId "4119150"]
[BlackFideId "14107090"]
[EventDate "2011.07.04"]

1. e4 c5 2. Nf3 d6 3. c3 Nf6 4. h3 Nc6 5. Bd3 d5 6. exd5 Qxd5 7. Qe2 e6 8. O-O
Be7 9. Bc4 Qe4 10. Qxe4 Nxe4 11. d4 cxd4 12. Nxd4 Nxd4 13. cxd4 O-O 14. d5 Bc5
15. Nc3 Nxc3 16. bxc3 Bd7 17. dxe6 Bxe6 18. Bxe6 fxe6 19. a4 b6 20. a5 Rac8 21.
axb6 Bxb6 22. Ra3 a5 23. Be3 Bxe3 24. fxe3 Rc5 25. Rb1 Rfc8 1/2-1/2